"Môj život, moja práca" Ivan Bátory vidí svoju šiestu olympijskú účasť na päťdesiat percent

Bibliographic Details
Main Authors: Gressner, Igor (Author, Interviewer), Bátory, Ivan, 1975- (Author)
Format: Article
Language:Slovak
Subjects:

MARC

LEADER 00000nab a2200000 ar4500
001 vtls010080113
003 SK-MaSNL
005 20260304173432.0
008 100326c20100318xo dr|||||||||000 b|slo
015 |a SNBRBL2010/03  |2 snkbucl 
038 |a SNKBUCL 
040 |a SNKBUCL  |b slo  |c SNKBUCL  |e AACR2 
041 0 |a slo 
044 |a xo  |c SK 
080 |a 796.922.071  |2 1997 
100 1 |a Gressner, Igor  |4 ivr  |4 aut  |9 838363 
245 1 0 |a "Môj život, moja práca"  |b Ivan Bátory vidí svoju šiestu olympijskú účasť na päťdesiat percent  |c [zhováral sa] Igor Gressner 
300 |b Fotogr. 
650 0 7 |a lyžovanie  |2 snkbucl  |9 3256 
650 0 7 |a beh na lyžiach  |2 snkbucl  |9 3259 
655 7 |a rozhovory  |2 snkbucl  |9 31831 
700 1 |a Bátory, Ivan,  |d 1975-  |4 ive  |4 aut  |9 17855 
773 0 |t Šport  |g Roč. 64, č. 64 (18.3.2010), s. 31  |x 0139-7001 
852 |a SNK  |b KIS3GCP 
999 |c 3003283  |d 3005213